|
|
|
|
| LEADER |
00000nam0a2200000 4500 |
| 001 |
280549 |
| 005 |
20231101235321.0 |
| 020 |
|
|
|a RU
|b 86-64176
|
| 035 |
|
|
|a (RuTPU)RU\TPU\book\303858
|
| 090 |
|
|
|a 280549
|
| 100 |
|
|
|a 20141231d1986 k y0rusy5003 ca
|
| 101 |
0 |
|
|a rus
|
| 102 |
|
|
|a UA
|
| 105 |
|
|
|a a z 001zy
|
| 200 |
1 |
|
|a Редкие элементы Украинского щита
|f Б. Ф. Мицкевич [и др.]
|g Академия наук Украинской ССР (АН УССР), Институт геохимии и физики минералов ; под ред. И. П. Щербаня
|
| 210 |
|
|
|a Киев
|c Наукова думка
|d 1986
|
| 215 |
|
|
|a 255 с.
|c ил.
|
| 320 |
|
|
|a Библиогр.: с. 243-253
|
| 606 |
1 |
|
|a Щелочные металлы, редкие
|x Месторождение
|2 stltpush
|3 (RuTPU)RU\TPU\subj\19694
|9 44872
|
| 610 |
1 |
|
|a Украинский щит
|
| 610 |
1 |
|
|a редкие элементы
|
| 610 |
1 |
|
|a распространенность
|
| 610 |
1 |
|
|a метасоматические процессы
|
| 610 |
1 |
|
|a кристаллические образования
|
| 610 |
1 |
|
|a систематика
|
| 610 |
1 |
|
|a граниты
|
| 610 |
1 |
|
|a прогнозирование
|
| 675 |
|
|
|a 553.493
|v 4
|
| 701 |
|
1 |
|a Мицкевич
|b Б. Ф.
|g Борис Федорович
|
| 701 |
|
1 |
|a Беспалько
|b Н. А.
|g Наталья Антоновна
|
| 701 |
|
1 |
|a Егоров
|b О. С.
|g Олег Сергеевич
|
| 701 |
|
1 |
|a Заяц
|b А. П.
|g Аэлита Петровна
|
| 701 |
|
1 |
|a Осадчий
|b В. К.
|g Владимир Кириллович
|
| 702 |
|
1 |
|a Щербань
|b И. П.
|g Игорь Павлович
|4 340
|
| 712 |
0 |
2 |
|a Академия наук Украинской ССР (АН УССР)
|b Институт геохимии и физики минералов
|2 stltpush
|3 (RuTPU)RU\TPU\col\13747
|
| 801 |
|
0 |
|a RU
|b RuMRKP
|c 19960705
|g psbo
|
| 801 |
|
1 |
|a RU
|b 63413507
|c 20141231
|
| 801 |
|
2 |
|a RU
|b 63413507
|c 20170428
|g RCR
|
| 942 |
|
|
|c BK
|